000 01162cam a2200349 a 4500
001 13785708
003 SISC
005 20160301135737.0
008 041118s2005 pau b 001 0ceng
010 _a 2004027519
020 _a9780435272630
035 _a(OCoLC)ocm57044045
040 _aDLC
_cDLC
_dYDX
_dIK2
_dBAKER
_dDLC
043 _an-us-ca
050 0 0 _aPS 3537
_b.St819 1992
082 0 0 _aHS 331.1
_bSt3 1992
100 _aSteinbeck, John,
_d1902-1968.
_916226
245 0 0 _aThe grapes of wrath /
_cJohn Steinbeck's retold by Margaret Tarner.
246 3 0 _aGrapes of wrath
260 _aOxford :
_bWilliam Heinemann,
_cc1939.
300 _a143 p. :
_c20 cm.
440 0 _aBloom's guides
_916227
562 _e1
600 1 0 _aSteinbeck, John,
_d1902-1968.
_tGrapes of wrath.
_916228
650 0 _aFiction
_9746
700 1 _aBloom, Harold.
_91988
856 4 1 _3Table of contents
_uhttp://www.loc.gov/catdir/toc/ecip053/2004027519.html
906 _a7
_bcbc
_corignew
_d1
_eecip
_f20
_gy-gencatlg
942 _2lcc
_cBK
999 _c10201
_d10201